[Event "Sportsko leto 2013"]
[Site "Paracin, hotel "]
[Date "2013.07.10"]
[Round "7.25"]
[White "Lazov, Toni"]
[Black "Sarenac, David"]
[Result "0-1"]
[WhiteElo "1921"]
[BlackElo "2311"]
[PlyCount "130"]
[EventDate "2013.07.05"]

1. e4 c5 2. Nf3 d6 3. d4 cxd4 4. Nxd4 Nf6 5. Nc3 a6 6. Be3 e5 7. Nb3 Be6 8. h3
Nbd7 9. g4 Nb6 10. g5 Nfd7 11. Qd2 Be7 12. O-O-O O-O 13. f4 exf4 14. Bxf4 Ne5
15. Kb1 Rc8 16. h4 Qc7 17. h5 Nbc4 18. Bxc4 Nxc4 19. Qd4 Rfe8 20. h6 Bf8 21.
Rh2 g6 22. Rf2 b5 23. Bc1 Qb7 24. Rdf1 Ne5 25. Nd5 Bxd5 26. exd5 Rc4 27. Qd1
Re4 28. Na5 Qc7 29. Nc6 Nxc6 30. dxc6 R8e7 31. Qd3 R4e5 32. Qb3 Rc5 33. Be3
Rxc6 34. Bd4 Rc4 35. Bf6 Re6 36. Qd3 Rce4 37. b3 Re1+ 38. Kb2 Rxf1 39. Qxf1 d5
40. Kb1 Bb4 41. Re2 Qg3 42. Bd4 Qe1+ 43. Qxe1 Bxe1 44. Rg2 Re4 45. c3 Kf8 46.
Kc2 Ke7 47. Kd3 Ke6 48. Rg1 Bh4 49. Be3 f5 50. gxf6 Bxf6 51. c4 bxc4+ 52. bxc4
Rxc4 53. Rb1 Ra4 54. Rb7 Ra3+ 55. Ke2 Rxa2+ 56. Kf3 Be7 57. Rb6+ Kf5 58. Rb7
Ke6 59. Rb6+ Kf7 60. Rb7 Ra3 61. Ke2 Ra4 62. Bc5 Re4+ 63. Kf3 Kf6 64. Rb6+ Kf5
65. Be3 Rxe3+ 0-1

[Event "Sportsko leto 2013"]
[Site "Paracin, hotel "]
[Date "2013.07.10"]
[Round "7.27"]
[White "Popovic, Aleksandar M"]
[Black "Isak, Igor G"]
[Result "1-0"]
[WhiteElo "2278"]
[BlackElo "2053"]
[PlyCount "63"]
[EventDate "2013.07.05"]

1. c4 e5 2. Nc3 Nc6 3. Nf3 f5 4. d4 e4 5. d5 exf3 6. dxc6 bxc6 7. exf3 Bb4 8.
Bd2 Nf6 9. a3 Bc5 10. Qc2 Qe7+ 11. Be2 d6 12. O-O O-O 13. Bd3 Be6 14. Ne2 a5
15. b4 axb4 16. axb4 Bb6 17. Nf4 Bf7 18. Rae1 Qd8 19. Bxf5 c5 20. bxc5 Bxc5 21.
Bc3 Kh8 22. Ne6 Bxe6 23. Rxe6 c6 24. Bxh7 Qb6 25. Bg6 Ra3 26. Bxf6 gxf6 27. Re4
Rfa8 28. Bf7 Kg7 29. Rg4+ Kf8 30. Qh7 Bxf2+ 31. Kh1 d5 32. Bxd5 1-0

[Event "Sportsko leto 2013"]
[Site "Paracin, hotel "]
[Date "2013.07.10"]
[Round "7.28"]
[White "Jovanovic, Bojan P"]
[Black "Zajic, Milan"]
[Result "1/2-1/2"]
[WhiteElo "2203"]
[BlackElo "2272"]
[PlyCount "40"]
[EventDate "2013.07.05"]

1. d4 b5 2. e4 Bb7 3. Bd3 e6 4. Nf3 c5 5. c3 a6 6. Be3 d6 7. O-O Nd7 8. Nbd2
Ngf6 9. h3 Be7 10. Qe2 Qc7 11. a4 c4 12. Bc2 O-O 13. axb5 axb5 14. Rfb1 Rfb8
15. Qe1 Rxa1 16. Rxa1 Ra8 17. Qb1 Qc8 18. Kh1 Rxa1 19. Qxa1 Qa8 20. Qxa8+ Bxa8
1/2-1/2

[Event "Sportsko leto 2013"]
[Site "Paracin, hotel "]
[Date "2013.07.10"]
[Round "7.29"]
[White "Sorgic, Dragan"]
[Black "Radovic, Luka"]
[Result "0-1"]
[WhiteElo "2265"]
[BlackElo "2065"]
[PlyCount "141"]
[EventDate "2013.07.05"]

1. e4 e6 2. d3 d5 3. Nd2 c5 4. Ngf3 Nc6 5. g3 Nf6 6. Bg2 b6 7. O-O Bb7 8. e5
Nd7 9. Re1 Qc7 10. Qe2 Be7 11. h4 O-O-O 12. c3 Rdg8 13. Nf1 h6 14. d4 g5 15.
hxg5 hxg5 16. Be3 Kb8 17. Rec1 Qd8 18. N3h2 Qf8 19. Ng4 Rh7 20. Qd2 Qg7 21.
Nfh2 Rgh8 22. Nf3 Rh5 23. Qd3 cxd4 24. Bxd4 Nc5 25. Bxc5 bxc5 26. Re1 c4 27.
Qe3 Qh7 28. Kf1 Qf5 29. Nf6 Bxf6 30. exf6 Qxf6 31. g4 R5h6 32. Qxg5 Qg6 33.
Qxg6 Rxg6 34. g5 Re8 35. Rad1 Rgg8 36. Re3 Kc7 37. Bh3 a5 38. Bg4 Kd6 39. Nd2
Kc5 40. Bh5 Rg7 41. f4 e5 42. Rde1 Rh8 43. Bf3 exf4 44. Re5 Nxe5 45. Rxe5 Kd6
46. Rf5 Rhg8 47. Rxf4 Rxg5 48. Rxf7 R8g7 49. Rf6+ Ke5 50. Rb6 Rh7 51. Kf2 Kf4
52. Nf1 Bc8 53. Rf6+ Ke5 54. Rf8 Bg4 55. Re8+ Kd6 56. Rf8 Rf5 57. Rxf5 Bxf5 58.
b3 cxb3 59. axb3 Bc2 60. Nd2 Ke5 61. c4 d4 62. c5 Bd3 63. Bg2 Rf7+ 64. Ke1 Kf4
65. Kf2 Re7 66. Bf1 Be4 67. Nxe4 Kxe4 68. Bg2+ Kd3 69. c6 Kc2 70. Bd5 d3 71.
Be4 0-1

[Event "Sportsko leto 2013"]
[Site "Paracin, hotel "]
[Date "2013.07.10"]
[Round "7.30"]
[White "Irizanin, Radoje"]
[Black "Pantic, Ivica"]
[Result "1-0"]
[WhiteElo "2333"]
[BlackElo "2193"]
[PlyCount "57"]
[EventDate "2013.07.05"]

1. d4 Nf6 2. Nf3 e6 3. Bf4 b6 4. e3 Bb7 5. Nbd2 Be7 6. h3 c5 7. Bd3 O-O 8. O-O
d6 9. Re1 Nbd7 10. c3 Qb8 11. Nc4 Rc8 12. dxc5 Rxc5 13. Nxd6 Bxf3 14. Qxf3 e5
15. Nf5 Bf8 16. Bg5 e4 17. Bxe4 Ne5 18. Qf4 Nh5 19. Qh4 g6 20. Bxa8 Qxa8 21.
Rad1 gxf5 22. Qxh5 Nc6 23. Bf6 h6 24. b4 Rc4 25. Qxf5 Qe8 26. e4 Qe6 27. Re3
Qxf5 28. exf5 h5 29. b5 1-0

[Event "Sportsko leto 2013"]
[Site "Paracin, hotel "]
[Date "2013.07.10"]
[Round "7.31"]
[White "Mladenovic, Stefan"]
[Black "Banovic, Ivan"]
[Result "1-0"]
[WhiteElo "2307"]
[BlackElo "2188"]
[PlyCount "81"]
[EventDate "2013.07.05"]

1. d4 Nf6 2. Nf3 g6 3. Bg5 Bg7 4. Nbd2 O-O 5. c3 d5 6. e3 Nbd7 7. Bd3 Re8 8.
O-O e5 9. e4 dxe4 10. Nxe4 exd4 11. cxd4 h6 12. Qb3 Nf8 13. Nxf6+ Bxf6 14. Bxh6
Be6 15. Bc4 Bxc4 16. Qxc4 c6 17. Rad1 Qd5 18. Qxd5 cxd5 19. Be3 Rac8 20. Rc1
Ne6 21. Rfd1 Kf8 22. Kf1 Ke7 23. Ke2 Kd6 24. Kd3 Rh8 25. Rxc8 Rxc8 26. Rc1 Rxc1
27. Bxc1 Nf8 28. h4 Ke6 29. g4 Nh7 30. Ng5+ Bxg5 31. Bxg5 Nxg5 32. hxg5 Kd6 33.
Kc3 Kc6 34. Kb4 Kb6 35. f3 a6 36. Ka4 Ka7 37. Kb4 b6 38. a4 Kb7 39. a5 Kc6 40.
axb6 Kxb6 41. Ka4 1-0

[Event "Sportsko leto 2013"]
[Site "Paracin, hotel "]
[Date "2013.07.10"]
[Round "7.32"]
[White "Van Vliet, Dennis"]
[Black "Todic, Zoran"]
[Result "0-1"]
[WhiteElo "2079"]
[BlackElo "2275"]
[PlyCount "80"]
[EventDate "2013.07.05"]

1. d4 d6 2. c4 Nd7 3. Nf3 e5 4. e4 Ngf6 5. Nc3 Be7 6. Be2 c6 7. Qc2 Qc7 8. O-O
h6 9. Rb1 Nf8 10. b4 Bg4 11. Be3 g5 12. Ne1 Ng6 13. f3 Bd7 14. c5 exd4 15. Bxd4
Be6 16. Nd3 O-O 17. f4 gxf4 18. Nxf4 Ne5 19. Nxe6 fxe6 20. Bxe5 dxe5 21. Bc4
Qc8 22. Qb3 Kf7 23. Rf5 b5 24. cxb6 axb6 25. Rxe5 Qc7 26. Rxe6 Kg7 27. e5 Ng4
28. Ne4 Rf4 29. Nd6 b5 30. Qg3 Qa7+ 31. Kh1 Bg5 32. h3 Nf2+ 33. Kh2 bxc4 34.
Rb2 Nd3 35. Rc2 Rf1 36. h4 Qg1+ 37. Kh3 Qh1+ 38. Qh2 Nf4+ 39. Kg3 Nh5+ 40. Kh3
Rf3+ 0-1

[Event "Sportsko leto 2013"]
[Site "Paracin, hotel "]
[Date "2013.07.10"]
[Round "7.33"]
[White "Vucinic, Gojko"]
[Black "Stojkovska, Monika"]
[Result "1-0"]
[WhiteElo "2252"]
[BlackElo "2005"]
[PlyCount "119"]
[EventDate "2013.07.05"]

1. e4 e6 2. d4 d5 3. Nc3 dxe4 4. Nxe4 Nd7 5. Nf3 Ngf6 6. Nxf6+ Nxf6 7. Bg5 c5
8. Bb5+ Bd7 9. Bxd7+ Qxd7 10. Bxf6 gxf6 11. dxc5 Qxd1+ 12. Rxd1 Bxc5 13. Ke2
Ke7 14. Rd3 Rhg8 15. g3 Rad8 16. Rhd1 Rxd3 17. Rxd3 Rd8 18. Rxd8 Kxd8 19. g4
Ke7 20. Nd2 Kd7 21. h3 Kc6 22. Ne4 Be7 23. Kd3 Bd8 24. c4 a5 25. a3 Be7 26. f3
b6 27. Kc3 Kc7 28. b4 axb4+ 29. axb4 Kc6 30. Kb3 Bd8 31. Kc2 Be7 32. Kc3 Bd8
33. Nf2 Bc7 34. Nd3 Bd6 35. Kd4 Bc7 36. c5 bxc5+ 37. bxc5 Bg3 38. Kc4 Bh2 39.
Nb4+ Kb7 40. Kb5 Bg3 41. Na6 Bf2 42. Nb4 Be3 43. h4 Bf2 44. h5 Be3 45. Nc2 Bf2
46. Na3 Kc7 47. Nc4 Bg3 48. Nd2 Be5 49. Ne4 h6 50. Nd2 Bg3 51. Kc4 Kc6 52. Nb3
Bf4 53. Nd4+ Kc7 54. Kd3 Kd7 55. Ke4 Bc1 56. f4 Bd2 57. Nf3 Bc3 58. g5 Kc6 59.
g6 fxg6 60. hxg6 1-0

[Event "Sportsko leto 2013"]
[Site "Paracin, hotel "]
[Date "2013.07.10"]
[Round "7.34"]
[White "Zlatanovic, Zoran"]
[Black "Todorovic, Nenad I"]
[Result "0-1"]
[WhiteElo "2210"]
[BlackElo "2130"]
[PlyCount "72"]
[EventDate "2013.07.05"]

1. e4 c5 2. Nf3 d6 3. d4 cxd4 4. Nxd4 Nf6 5. Nc3 a6 6. g3 e5 7. Nde2 Nbd7 8.
Bg2 b5 9. a4 b4 10. Nd5 Nxd5 11. exd5 a5 12. O-O Be7 13. f4 Ba6 14. Re1 O-O 15.
Be3 Bf6 16. f5 Bg5 17. Bf2 Rc8 18. h4 Bh6 19. Nc1 Qc7 20. Nb3 Bc4 21. Nd2 Nb6
22. Nxc4 Nxc4 23. Rb1 Nd2 24. Rc1 Nb3 25. Rb1 Qxc2 26. Be4 Qxd1 27. Rbxd1 Nd2
28. Bd3 Nf3+ 29. Kf1 Nxe1 30. Kxe1 e4 31. Bb5 e3 32. Bg1 Rc2 33. b3 Rfc8 34.
Bc6 e2 35. Rb1 Rc7 36. Bb6 Re7 0-1

[Event "Sportsko leto 2013"]
[Site "Paracin, hotel "]
[Date "2013.07.10"]
[Round "7.35"]
[White "Rajkovic, Mladen"]
[Black "Jovanovic, Aleksandar D"]
[Result "1/2-1/2"]
[WhiteElo "2015"]
[BlackElo "2229"]
[PlyCount "161"]
[EventDate "2013.07.05"]

1. e4 d5 2. exd5 Qxd5 3. Nf3 g6 4. d4 Bg7 5. Be2 Nc6 6. c4 Qa5+ 7. Bd2 Qf5 8.
Be3 e5 9. d5 Nd8 10. Nc3 Qd7 11. Qd2 f5 12. g3 Nf7 13. c5 Ne7 14. Bc4 O-O 15.
Ng5 f4 16. gxf4 exf4 17. Bxf4 Nxg5 18. Bxg5 Nf5 19. O-O-O Kh8 20. Rhe1 Rb8 21.
d6 cxd6 22. cxd6 b5 23. Be6 Qc6 24. d7 b4 25. d8=Q Bxe6 26. Rxe6 Qxe6 27. Q8d7
bxc3 28. Qxe6 cxd2+ 29. Rxd2 Rfe8 30. Qd5 Re1+ 31. Rd1 Bxb2+ 32. Kc2 Re2+ 33.
Rd2 Ree8 34. Qf7 Rf8 35. Qd7 Bg7 36. Be3 a5 37. Qa7 Ra8 38. Qd7 Rae8 39. Qa7
Ra8 40. Qd7 a4 41. a3 Rfe8 42. Rd3 h6 43. Qf7 Kh7 44. Bd4 Rac8+ 45. Kd2 Re7 46.
Qd5 Nxd4 47. Rxd4 Bxd4 48. Qxd4 Rf8 49. f4 Ref7 50. Qxa4 Rxf4 51. Qd7+ R8f7 52.
Qd6 h5 53. Ke3 R4f6 54. Qc5 Re6+ 55. Kd3 Rf5 56. Qc7+ Kh6 57. h4 Ra6 58. Qd8
Rxa3+ 59. Ke4 Ra4+ 60. Kd3 Ra7 61. Ke4 Kh7 62. Qe8 Raf7 63. Qd8 Rf4+ 64. Ke5
Rf1 65. Qa8 Re1+ 66. Kd6 Rf6+ 67. Kd5 Rf4 68. Qb7+ Kh6 69. Qb2 Rd1+ 70. Ke6
Rdd4 71. Qc1 Rde4+ 72. Kd5 Rc4 73. Qe3 Rb4 74. Kd6 Rbd4+ 75. Ke5 Rde4+ 76. Qxe4
Rxe4+ 77. Kxe4 Kg7 78. Ke3 Kf7 79. Kf3 Ke7 80. Ke3 Kd6 81. Kf3 1/2-1/2

[Event "Sportsko leto 2013"]
[Site "Paracin, hotel "]
[Date "2013.07.10"]
[Round "7.36"]
[White "Djordjevic, Gradimir"]
[Black "Petrovic, Marija"]
[Result "1/2-1/2"]
[WhiteElo "2216"]
[BlackElo "2104"]
[PlyCount "136"]
[EventDate "2013.07.05"]

1. d4 d5 2. c4 Nc6 3. Nc3 e6 4. Nf3 h6 5. Bf4 Bd6 6. Bg3 Nf6 7. e3 O-O 8. Bxd6
Qxd6 9. a3 a6 10. Rc1 Rd8 11. h3 Qe7 12. cxd5 exd5 13. Bd3 Ne8 14. O-O Qf6 15.
Nh2 Ne7 16. Ng4 Qh4 17. Qf3 c6 18. b4 Nd6 19. a4 Qg5 20. b5 axb5 21. axb5 h5
22. Nh2 Ndf5 23. Ne2 Ra3 24. Rfd1 Bd7 25. bxc6 bxc6 26. Qf4 Qxf4 27. Nxf4 g6
28. Nf3 f6 29. Rd2 Kf7 30. Rb1 Nd6 31. Ne1 Rda8 32. f3 h4 33. Nc2 Ra2 34. Ne2
R2a7 35. Kf2 g5 36. Rdd1 Bf5 37. Bxf5 Nexf5 38. Nc3 Ne7 39. Ke2 Nc4 40. Ra1 Ke6
41. Rxa7 Rxa7 42. Rb1 Ra8 43. Kd3 Nd6 44. e4 Ng6 45. exd5+ cxd5 46. Re1+ Kf7
47. Nxd5 Ra5 48. Nde3 Nf4+ 49. Kc3 Ra7 50. Ra1 Rc7+ 51. Kb4 Nxg2 52. Ra6 Ne8
53. d5 Nxe3 54. Nxe3 Rb7+ 55. Kc5 Rd7 56. Nc4 Rxd5+ 57. Kxd5 Nc7+ 58. Ke4 Nxa6
59. f4 Kg6 60. Ne3 Nc5+ 61. Kf3 Nd3 62. fxg5 Kxg5 63. Ng2 f5 64. Ke3 Nb4 65.
Kf3 Nc2 66. Kf2 Nd4 67. Ke3 Ne6 68. Kf3 Nf8 1/2-1/2

[Event "Sportsko leto 2013"]
[Site "Paracin, hotel "]
[Date "2013.07.10"]
[Round "7.37"]
[White "Todorovic, Radisa J"]
[Black "Scekic, Veljko"]
[Result "0-1"]
[WhiteElo "1960"]
[BlackElo "2181"]
[PlyCount "106"]
[EventDate "2013.07.05"]

1. d4 Nf6 2. Nf3 g6 3. e3 Bg7 4. b3 O-O 5. Bb2 d5 6. Be2 c6 7. O-O a5 8. c4
Nbd7 9. Nbd2 Re8 10. Rc1 e6 11. Qc2 h6 12. Ne5 Nxe5 13. dxe5 Nd7 14. f4 Nf8 15.
Rcd1 f5 16. Nf3 Qe7 17. Qc1 Nh7 18. Ba3 Qf7 19. h4 Bd7 20. Bd6 Kh8 21. Qc2 Rg8
22. Kf2 Bf8 23. Rh1 Be7 24. c5 Bd8 25. Rh3 Be8 26. Rb1 Nf8 27. a3 Nd7 28. Ng5
hxg5 29. hxg5+ Kg7 30. Rbh1 Nf8 31. Qc1 Qd7 32. Qg1 Be7 33. Qh2 Bxd6 34. cxd6
Kf7 35. Rh8 Rg7 36. Qh6 Qd8 37. Bh5 Bd7 38. g4 fxg4 39. Bxg4 d4 40. e4 d3 41.
f5 Qb6+ 42. Kg3 Qe3+ 43. Bf3 exf5 44. exf5 Qxe5+ 45. Kf2 Bxf5 46. Re1 Qxd6 47.
Qh4 Qc5+ 48. Kg2 d2 49. Rd1 Rd8 50. Qf4 Ne6 51. Qh4 Rxh8 52. Qxh8 Qe3 53. Qa8
Qxg5+ 0-1

[Event "Sportsko leto 2013"]
[Site "Paracin, hotel "]
[Date "2013.07.10"]
[Round "7.38"]
[White "Tadic, Katarina"]
[Black "Persson, Richard"]
[Result "0-1"]
[WhiteElo "2069"]
[BlackElo "2175"]
[PlyCount "68"]
[EventDate "2013.07.05"]

1. Nf3 e6 2. c4 c5 3. g3 b6 4. Bg2 Bb7 5. O-O Nf6 6. Nc3 Be7 7. d4 cxd4 8. Qxd4
d6 9. Rd1 a6 10. Be3 Nbd7 11. Rac1 O-O 12. Bg5 Rc8 13. b3 h6 14. Be3 Qc7 15.
Qd2 Rfd8 16. h3 Qb8 17. Bf4 Ne5 18. Ne1 Ng6 19. Be3 b5 20. Bxb7 Qxb7 21. cxb5
axb5 22. a4 bxa4 23. bxa4 Ne5 24. Qa2 Nc4 25. Rb1 Qa8 26. Bc1 d5 27. Nb5 Ne4
28. Nd3 Qa5 29. Qb3 Ra8 30. Ra1 Bf6 31. Ra2 Rdb8 32. Nb4 Nc5 33. Qb1 Nxa4 34.
Bf4 Rxb5 0-1

[Event "Sportsko leto 2013"]
[Site "Paracin, hotel "]
[Date "2013.07.10"]
[Round "7.39"]
[White "Radovanovic, Mihajlo"]
[Black "Secheres, Adrian-Simion"]
[Result "0-1"]
[WhiteElo "1878"]
[BlackElo "2143"]
[PlyCount "54"]
[EventDate "2013.07.05"]

1. c4 Nf6 2. d4 g6 3. Nc3 Bg7 4. Nf3 O-O 5. e4 d6 6. Be2 e5 7. O-O exd4 8. Nxd4
Re8 9. f3 c6 10. Kh1 Nbd7 11. Bf4 Nh5 12. Be3 Qh4 13. Qe1 Qxe1 14. Rfxe1 f5 15.
Bf1 Nc5 16. Bg1 fxe4 17. Nb3 b6 18. Rad1 Nb7 19. Nd4 Bd7 20. Nxe4 Nf6 21. Ng5
Rxe1 22. Rxe1 Re8 23. Rxe8+ Nxe8 24. b4 c5 25. bxc5 dxc5 26. Nde6 h6 27. Nh7
Bxe6 0-1

[Event "Sportsko leto 2013"]
[Site "Paracin, hotel "]
[Date "2013.07.10"]
[Round "7.40"]
[White "Djordjevic, Vuk"]
[Black "Zarkovic, Mila"]
[Result "0-1"]
[WhiteElo "2138"]
[BlackElo "2070"]
[PlyCount "62"]
[EventDate "2013.07.05"]

1. e4 c5 2. Nc3 e6 3. f4 d6 4. Nf3 Nf6 5. g3 Be7 6. Bg2 O-O 7. O-O Nc6 8. d3 a6
9. h3 d5 10. g4 dxe4 11. dxe4 Qc7 12. Qe2 Rd8 13. Be3 b6 14. Qf2 Bb7 15. e5 Nd7
16. Rae1 Nb4 17. Bc1 c4 18. Kh1 Nd5 19. f5 Nc5 20. Nxd5 Bxd5 21. Bf4 c3 22. b3
Rac8 23. Kh2 Qb7 24. Qe2 Ne4 25. Rd1 Rd7 26. Ne1 Rcd8 27. Rxd5 exd5 28. e6 fxe6
29. fxe6 Rd6 30. Bxd6 Bxd6+ 31. Kg1 Bc5+ 0-1

[Event "Sportsko leto 2013"]
[Site "Paracin, hotel "]
[Date "2013.07.10"]
[Round "7.41"]
[White "Burovic, Rijad"]
[Black "Markovic, Aleksandar"]
[Result "0-1"]
[WhiteElo "1919"]
[BlackElo "2111"]
[PlyCount "82"]
[EventDate "2013.07.05"]

1. f4 d5 2. b3 Nf6 3. Bb2 g6 4. Nf3 Bg7 5. e3 c5 6. Be2 O-O 7. O-O b6 8. d3 Nc6
9. Ne5 Bb7 10. Nd2 d4 11. Nxc6 Bxc6 12. e4 Nd7 13. Nf3 Qc7 14. Bc1 Qb7 15. Qe1
f5 16. e5 Rfd8 17. Qh4 Nf8 18. h3 Bd5 19. g4 e6 20. Bd2 Rac8 21. Qg3 b5 22. h4
c4 23. Bb4 cxd3 24. Bxd3 Be4 25. gxf5 exf5 26. Rf2 Ne6 27. Ng5 Nxg5 28. Qxg5
Bxd3 29. cxd3 Bf8 30. Bxf8 Kxf8 31. h5 Qe7 32. Qg3 Rc6 33. Qh3 Rdc8 34. Rg2 Kg7
35. Kh2 Rc2 36. Rag1 R8c3 37. Kh1 Rxd3 38. Rg3 Qb7+ 39. R1g2 Rxg3 40. h6+ Kf7
41. Qxg3 d3 0-1

[Event "Sportsko leto 2013"]
[Site "Paracin, hotel "]
[Date "2013.07.10"]
[Round "7.42"]
[White "Popovic, Milan S"]
[Black "Marjanovics, Annamaria"]
[Result "1/2-1/2"]
[WhiteElo "2212"]
[BlackElo "2002"]
[PlyCount "101"]
[EventDate "2013.07.05"]

1. e4 e5 2. d4 exd4 3. Qxd4 Nc6 4. Qe3 Nf6 5. Nc3 Bb4 6. Bd2 O-O 7. O-O-O Re8
8. Qf4 Bxc3 9. Bxc3 Nxe4 10. Bc4 Nf6 11. Nf3 d6 12. Rhe1 Be6 13. Ng5 d5 14. Bb5
a6 15. Bxc6 bxc6 16. Qd4 a5 17. Re3 h6 18. Nxe6 fxe6 19. Rde1 Qd7 20. Rg3 Kh8
21. Qh4 Rf8 22. Qd4 Rf7 23. Rge3 Ne4 24. f3 c5 25. Qe5 Nxc3 26. Rxc3 Re7 27.
Rxc5 c6 28. Qc3 Ra6 29. Qe5 Ra8 30. Qc3 Ra6 31. Rxa5 Rxa5 32. Qxa5 Qd6 33. Kb1
Kh7 34. g3 e5 35. Qd2 Qf6 36. Qd3+ Kh8 37. Qe3 Kh7 38. c4 Kh8 39. cxd5 cxd5 40.
Rd1 e4 41. f4 Rd7 42. Qd4 Qg6 43. Ka1 Qh5 44. Rc1 Qxh2 45. Qe5 Rd8 46. f5 Qd2
47. Rh1 Rc8 48. a3 Rc1+ 49. Ka2 Rxh1 50. Qe8+ Kh7 51. Qg6+ 1/2-1/2

[Event "Sportsko leto 2013"]
[Site "Paracin, hotel "]
[Date "2013.07.10"]
[Round "7.43"]
[White "Tisma, Ivan"]
[Black "Bejatovic, Bojana"]
[Result "1/2-1/2"]
[WhiteElo "2096"]
[BlackElo "2002"]
[PlyCount "48"]
[EventDate "2013.07.05"]

1. Nf3 d5 2. d4 Nf6 3. c4 e6 4. g3 c6 5. Qc2 Bd6 6. Bg2 O-O 7. O-O Nbd7 8. b3
e5 9. dxe5 Nxe5 10. Rd1 Qe7 11. Nbd2 Be6 12. Bb2 Nxf3+ 13. Bxf3 Rad8 14. cxd5
Nxd5 15. Nc4 Bc7 16. e4 Nb4 17. Qc3 f6 18. a3 Na6 19. b4 Qf7 20. Be2 Nb8 21. f4
Qe7 22. Kg2 Nd7 23. Qe3 Nb6 24. Na5 Na4 1/2-1/2

[Event "Sportsko leto 2013"]
[Site "Paracin, hotel "]
[Date "2013.07.10"]
[Round "7.44"]
[White "Colovic, Zoran"]
[Black "Dodic, Dragan"]
[Result "1-0"]
[WhiteElo "2112"]
[BlackElo "2141"]
[PlyCount "53"]
[EventDate "2013.07.05"]

1. e4 c6 2. d4 d5 3. e5 Bf5 4. Nf3 e6 5. Be2 c5 6. c3 Qb6 7. O-O Nc6 8. dxc5
Bxc5 9. b4 Be7 10. Be3 Qc7 11. Qa4 Kf8 12. b5 Na5 13. Nbd2 b6 14. Rac1 Nb7 15.
Qf4 Bc5 16. Nd4 Qd7 17. N2f3 Ne7 18. g4 Ng6 19. Qg3 Be4 20. Nd2 Ne7 21. Nxe4
dxe4 22. Qf4 Ba3 23. Rcd1 Nd5 24. Qxe4 Nxc3 25. Qf3 Nxd1 26. Rxd1 Re8 27. Nc2
1-0

[Event "Sportsko leto 2013"]
[Site "Paracin, hotel "]
[Date "2013.07.10"]
[Round "7.45"]
[White "Kovacevic, Bozidar"]
[Black "Kuzmanovic, Slobodan"]
[Result "1/2-1/2"]
[WhiteElo "1933"]
[BlackElo "2146"]
[PlyCount "142"]
[EventDate "2013.07.05"]

1. e4 e5 2. Nf3 Nc6 3. Bb5 a6 4. Bxc6 dxc6 5. Nxe5 Qd4 6. Nf3 Qxe4+ 7. Qe2
Qxe2+ 8. Kxe2 Bf5 9. d3 Bd6 10. Re1 O-O-O 11. Nc3 Re8+ 12. Kf1 Rxe1+ 13. Kxe1
Nf6 14. Bd2 Nd5 15. Nxd5 cxd5 16. h3 h5 17. Kf1 Re8 18. Re1 Rxe1+ 19. Kxe1 c5
20. Ng1 f6 21. Ne2 g5 22. f4 Be7 23. Kf2 h4 24. fxg5 fxg5 25. Ng1 Bf6 26. b3
Kd7 27. Nf3 g4 28. hxg4 Bxg4 29. Bf4 Ke6 30. Ke3 d4+ 31. Kf2 b5 32. Bd2 Kf5 33.
a3 Ke6 34. b4 c4 35. Bf4 Kd5 36. Ke2 Bd8 37. Kf2 Bf6 38. Bc7 Bf5 39. Ke2 h3 40.
gxh3 Bxh3 41. Bf4 Bg4 42. Kf2 c3 43. Bc7 Ke6 44. Bb6 Kd5 45. Bc7 Ke6 46. Bb6
Kd5 47. Bc7 Bg7 48. Bf4 Bh5 49. Bg5 Ke6 50. Bd8 Kd5 51. Bg5 Bf7 52. Ke2 Kc6 53.
Bf4 Bh5 54. Kf2 Kd5 55. Bg5 Bh8 56. Bd8 Bg7 57. Bg5 Bg4 58. Bf4 Bf6 59. Bc7 Be7
60. Bf4 a5 61. bxa5 Bxa3 62. a6 Bc5 63. Bb8 Bxf3 64. Kxf3 b4 65. Ke2 Kc6 66.
Kd1 Kb6 67. Kc1 Kxa6 68. Kb1 b3 69. cxb3 Kb5 70. Kc2 Kc6 71. Bg3 Kb5 1/2-1/2